Wszystkie miasta Polski na prawach powiatu - Statystyki

Ogólne statystyki
  • Ten quiz został rozwiązany 124 razy
    109 od ostatniego zresetowania
  • Średni wynik to 54 z 66
Statystyki odpowiedzi
miasto województwo liczba ludności % Poprawnych
Warszawa mazowieckie 1 861 975
99%
Gdańsk pomorskie 486 022
98%
Gdynia pomorskie 243 770
98%
Kraków małopolskie 803 282
98%
Łódź łódzkie 658 444
97%
Lublin lubelskie 331 991
97%
Katowice śląskie 282 755
95%
Poznań wielkopolskie 546 859
95%
Rzeszów podkarpackie 197 181
95%
Szczecin zachodniopomorskie 394 482
95%
Wrocław dolnośląskie 674 079
95%
Białystok podlaskie 293 028
94%
Bydgoszcz kujawsko - pomorskie 330 038
94%
Kielce świętokrzyskie 184 520
93%
Toruń kujawsko - pomorskie 195 690
93%
Olsztyn warmińsko - mazurskie 168 803
92%
Radom mazowieckie 198 754
92%
Gorzów Wielkopolski lubuskie 116 436
91%
Opole opolskie 126 755
91%
Zielona Góra lubuskie 139 278
91%
Częstochowa śląskie 209 395
90%
Płock mazowieckie 117 573
88%
Koszalin zachodniopomorskie 106 235
87%
Tarnów małopolskie 103 960
87%
Elbląg warmińsko - mazurskie 117 952
85%
Sopot Pomorskie 32 474
85%
Sosnowiec śląskie 191 676
85%
Tychy śląskie 124 139
85%
Chorzów śląskie 103 229
84%
Gliwice śląskie 172 628
84%
Suwałki podlaskie 68 752
83%
Piotrków Trybunalski łódzkie 67 734
81%
Zabrze śląskie 156 935
81%
Bielsko - Biała śląskie 168 319[
80%
Konin wielkopolskie 68 483
80%
Przemyśl Podkarpackie 56 802
80%
Bytom śląskie 151 691
79%
Włocławek kujawsko - pomorskie 102 102
79%
Jelenia Góra dolnośląskie 75 794
78%
Kalisz wielkopolskie 94 489
78%
Słupsk pomorskie 86 737
78%
Wałbrzych dolnośląskie 101 857
78%
Dąbrowa Górnicza śląskie 115 955
77%
Zamość lubelskie 58 942
77%
Legnica dolnośląskie 93 040
76%
Ostrołęka Mazowieckie 48 995
76%
Grudziądz kujawsko - pomorskie 89 450
74%
Rybnik śląskie 131 744
73%
Tarnobrzeg Podkarpackie 44 156
73%
Krosno Podkarpackie 44 322
72%
Nowy Sącz małopolskie 80 756
72%
Ruda Śląska śląskie 132 766
72%
Chełm Lubelskie 57 933
71%
Siedlce mazowieckie 76 005
71%
Świnoujście Zachodniopomorskie 39 834
71%
Jaworzno śląskie 88 267
70%
Biała Podlaska Lubelskie 54 926
69%
Leszno wielkopolskie 59 232
67%
Łomża podlaskie 60 264
67%
Piekary Śląskie Śląskie 54 860
66%
Siemianowice Śląskie śląskie 64 365
66%
Jastrzębie - Zdrój śląskie 83 477
65%
Skierniewice Łódzkie 45 933
64%
Żory śląskie 61 839
64%
Mysłowice śląskie 72 124
62%
Świętochłowice Śląskie 46 112
59%
Nie znaleziono quizów pasujących do podanych kryteriów
Rozkład punktacji
Procent ludzi z każdym wynikiem
Percentyl według liczby udzielonych odpowiedzi
Twoja historia wyników
Nie rozwiązałeś tego quizu od ostatniego zresetowania